000 00846cab a2200241 4500
001 WB2747-34
008 090401t1991 xxu||||| |||| 00| 0 eng d
035 _a(Sirsi) u56433
041 _aeng
245 _aIRVO career restructuring
260 _c1991
350 _a0
490 _aChartered Surveyor Weekly
_v37(9) 28 November 1991, 6(1)
520 _aFar fewer chartered surveyors are likely to be employed by the Inland Revenue Valuation Office in future, as the career structure is to be significantly reshaped, and training requirements altered.
650 _aCADET VALUERS
650 _aABOUT RICS-RICS MEMBERS
650 _aGRADUATE RECRUITMENT
650 _aPROFESSIONAL QUALIFICATIONS
650 _aVALUATION OFFICE
690 _aMANAGEMENT-BUSINESS MANAGEMENT-PROFESSIONAL PRACTICE
942 _n0
948 _c04/03/1997
999 _c34413
_d34413